| 000 | 02070nam0a2200373 4500 | ||
|---|---|---|---|
| 001 | RU\NLR\BIBL_A\011406930 | ||
| 005 | 20250626061554.0 | ||
| 010 |
_a978-5-906564-23-8 _91000 |
||
| 021 |
_aRU _b2017-39336 _92868 |
||
| 035 | _a(RuMoRGB)008900711 | ||
| 035 | _a(NLR Aleph) 011406930 | ||
| 090 |
_a11537210 _c11537210 |
||
| 100 | _a20170615e20171854|||y0rusy50 ca | ||
| 101 | 1 |
_arus _asan |
|
| 102 | _aRU | ||
| 105 | _ac|||e|||000zy | ||
| 200 | 1 |
_aСанскрито-русский словарь _e[свыше 10000 слов] _fК.А. Коссович _gРоссийская академия наук, Институт языкознания |
|
| 205 |
_a[3-е изд., пред. А.А. Вигасина, испр. и доп. М.Ю. Гасунса _bрепр. воспроизведение изд.] |
||
| 210 |
_aМосква _cАБВ _d2017 |
||
| 215 |
_aXV, [1], XIV, [1] с., 656 стб. _cпортр. _d29 |
||
| 225 | 1 |
_aBibliotheca Sanscritica _fнауч. ред.: к.филол.н. М.Ю. Гасунс _vТ. 10 |
|
| 300 | _aНа тит. л. ориг. изд. вых. дан.: Санкт-Петербург, в типографии Императорской академии наук, 1854 | ||
| 320 | _aБиблиогр. в подстроч. примеч. | ||
| 455 | 0 |
_12001#$aСанскрито-русский словарь, составленный К.А. Коссовичем _1210##$aСанкт-Петербург$c2 Отд-ние Акад. наук$d1854-1856 _tСанскрито-русский словарь, составленный К.А. Коссовичем |
|
| 606 | 1 |
_aСанскритский язык _xСловари _xРусский язык _92405649 _3RU\NLR\AUTH\661433694 |
|
| 686 |
_aШ153.12-48 _2rubbk |
||
| 686 | 1 | _aШ152.212-481 | |
| 686 | 1 | _aШ141.12-482 | |
| 700 | 1 |
_7ca _8rus _aКоссович _bК. А. _f1815-1883 _gКаэтан Андреевич _9188245 _3RU\NLR\AUTH\770188296 |
|
| 942 | _cBOOK | ||
| 980 | _aNB | ||